Top 25 Subreddits - Statistics

General Stats
  • This quiz has been taken 24 times
    13 since last reset
  • The average score is 8 of 25
Answer Stats
Rank Subscribers Answer % Correct
2 26.97m r/{AskReddit}
90%
5 23.96m r/{aww}
80%
1 29.28m r/{funny}
80%
12 20.14m r/{news}
60%
4 24.12m r/{pics}
60%
7 23.46m r/{worldnews}
50%
3 25.49m r/{gaming}
40%
13 19.88m r/{IAmA}
40%
24 17.22m r/{mildlyinteresting}
40%
9 22.50m r/{movies}
40%
14 19.68m r/{gifs}
30%
15 19.61m r/{Showerthoughts}
30%
11 22.38m r/{todayilearned}
30%
10 22.40m r/{videos}
30%
17 18.79m r/{askscience}
20%
18 18.04m r/{Jokes}
20%
6 23.56m r/{science}
20%
23 17.23m r/{Art}
10%
21 17.69m r/{books}
10%
25 17.14m r/{DIY}
10%
20 17.74m r/{explainlikeimfive}
10%
19 18.00m r/{food}
10%
8 22.87m r/{Music}
10%
16 19.48m r/{EarthPorn}
0%
22 17.46m r/{LifeProTips}
0%
No matching quizzes found
Score Distribution
Percent of People with Each Score
Percentile by Number Answered
Your Score History
You have not taken this quiz since the last reset